| 000 | 004390000a22001810004500 | ||
|---|---|---|---|
| 003 | MACL | ||
| 005 | 20151229170654.0 | ||
| 008 | 151229b xxu||||| |||| 00| 0 eng d | ||
| 040 |
_aMACL _cMACL |
||
| 041 | _aEnglish | ||
| 082 | _a200.54/BAR | ||
| 100 |
_aBarth, A _924358 |
||
| 245 | _aReligions of India | ||
| 260 |
_bS. Chand & Company _c1980 _aNew Delhi |
||
| 350 | _a75 | ||
| 650 |
_aReligion _924359 |
||
| 942 |
_cBK _k200.254/woo _2ddc |
||
| 999 |
_c34352 _d34352 |
||